| 000 | 01484cam a2200301 4500 | ||
|---|---|---|---|
| 001 | E141865 | ||
| 002 | 16540 | ||
| 008 | 080213s2008 xxk 000 0 eng u | ||
| 020 | _a9781842193532 | ||
| 035 | _a(Sirsi) u141865 | ||
| 041 | 0 | _aeng | |
| 050 | 0 | 4 | _a333.332 $2 18 |
| 100 | 1 | _aCherry, Andrew | |
| 245 | 0 | 2 |
_aA valuer's guide to the RICS Red Book _b6th edition |
| 250 | _a2nd ed. | ||
| 260 |
_aCoventry _bRICS Books _c2008 |
||
| 300 |
_axxii, 140p. _c22cm. |
||
| 350 | _a27.95 | ||
| 505 | 2 | _aQualifications and conflicts of interest -- Agreement of terms of engagement with the client -- Valuation bases -- Inspections and material considerations -- Valuation reports -- Valuations for loan facilities -- Regulated purpose valuations -- The monitoring of valuations -- Specialist valuations | |
| 520 | _aGuide to the "RICS Valuation Standards" or the Red Book. This second edition has been updated to reflect the changes in the new Red Book, 6th edition. Discusses the principal aims and standards, qualifications and conflicts of interest and terms of engagement with the client. Also provides commentary on rules for specific practice areas and an index of frequently asked valuation questions. | ||
| 520 | _aSupersedes 1st edtion (ISBN 1842193023). | ||
| 520 | _aSuperseded by 3rd edition (ISBN 9781842194560). | ||
| 521 | _aAdvanced | ||
| 590 | _aKA NTK | ||
| 651 | 4 |
_aUnited Kingdom _y |
|
| 690 | _aPROPERTY-PROPERTY APPRAISAL AND VALUATION | ||
| 942 | _n0 | ||
| 999 |
_c107781 _d107781 |
||